000 00918nam a2200241 i 4500
001 bg
245 0 0 _aOgólne zasady projektowania urządzeń do odprowadzania i oczyszczania ścieków rzemieślniczo-przemysłowych :
_bwytyczna ATV - A 102P : listopad 1990 /
_c[oprac. ; przekł. Magdalena Seidel-Przywecki, Wojciech Przywecki]
_nH. Neumann et al.
260 _aWarszawa :
_b"Seidel Przywecki",
_c1990.
300 _a15 s. ;
_c30 cm.
490 1 _aNiemiecki zbiór reguł ATV. Ścieki-Odpady
500 _aVerso kart nie zadruk.
650 9 _aŚcieki
_xtechnologia
_xurządzenia
_xprojektowanie
650 9 _aŚcieki
_xgospodarka
_zNiemcy
655 _aInstrukcje
830 0 _aNiemiecki zbiór reguł ATV.
_pŚcieki-Odpady
020 _a3933693004
040 _cBPK
041 1 _apl
_hde
080 _a628.3(430)(083.74)
920 _a3-933693-00-4
942 _cKA
008 s pl f |000 0 pol
999 _c35007
_d35007
856 _uhttp://koha.tu.koszalin.pl/cgi-bin/koha/opac-detail.pl?biblionumber=35007
_yKatalog online BPK